Τα ελληνικά συντάγματα και η ιδιότητα του πολίτη (1844-1927) : απόπειρα ιστορικής επισκόπησης

Αποθηκεύτηκε σε:
Λεπτομέρειες βιβλιογραφικής εγγραφής
Κύριος συγγραφέας: Κόκκινος, Γιώργος, 1960-
Μορφή: Βιβλίο
Γλώσσα:Greek
Δημοσίευση: Αθήνα : Μνήμων, 1997
Θέματα:
Ετικέτες: Προσθήκη ετικέτας
Δεν υπάρχουν, Καταχωρήστε ετικέτα πρώτοι!

MARC

LEADER 00000cam a2200000 i 4500
001 1/10690
008 000904s1997 gre d
035 |l 10063528 
040 |a GR-MY-UA  |b gre  |e aacr 
041 0 |a gre 
082 0 |a 342.495 
100 1 |a Κόκκινος, Γιώργος,   |d 1960- 
245 1 3 |a Τα ελληνικά συντάγματα και η ιδιότητα του πολίτη (1844-1927) :  |h [ανάτυπο] /  |b απόπειρα ιστορικής επισκόπησης  |c Γιώργος Κόκκινος 
260 |a Αθήνα :   |b Μνήμων,   |c 1997 
300 |a 74-108σ.;  |c 24 cm 
500 |a Από περιοδικό Μνήμων τ:9 (1997) 
650 0 |a Constitutional history  |z Greece. 
852 |a INST  |b RHODES  |e 20000904  |h 342.495 ΚΟΚ  |p 005400013500  |q 005400013500  |t BK  |y 0 
901 |a BIBL4-2000-2 
909 |a Ρ  |b 078525 
922 |a 4ΔΩΡ  |b 200004 
970 |z 2000/09/ΧΡΥΣΑΝΘΗ